Plantes - Statistiques

Statistiques générales
  • Ce quiz a été pris 548 fois
  • Le résultat moyen est 6 sur 12
Statistiques - réponses
Par images Réponse % Correct
muguet
90%
bambou
89%
artichaut
83%
thym
73%
glycine
59%
fraise
54%
mimosa
52%
capucine
44%
edelweiss
28%
bougainvillier
25%
arnica
8%
curcuma
5%
Aucun quiz correspondant
Distribution des résultats
% des personnes avec chaque résultat
Percentile par nombre de réponses
Votre historique - résultats
Vous n’avez pas pris ce quiz